000 00656nam a2200253Ia 4500
008 160620s9999||||xx |||||||||||||| ||und||
040 _cMarathi
082 _aXI.A/MaILwain
082 _bBORI-55536
100 _aCharles Howard McILwain
245 _aRajyaghataneche Tattva
300 _a6+144
300 _cA
300 _ePaperback
530 _u00055536.pdf
563 _aStudy
600 _aCharles Howard McILwain
630 _aRajyaghataneche Tattva
650 _a"Politics,History and Historiography"
650 _aGeneral Indology
700 _aCharles Howard McILwain
730 _aRajyaghataneche Tattva
942 _cBOOK
999 _c1390773
_d1390770